00539nam a2200181Ia 4500003000900000008004100009020001800050040001600068080001800084100002200102245008300124260003900207300001500246650002300261650002900284650002400313650002000337IN-BaIIA211028s9999 xx 000 0 eng d a0-486-60590-6 cIIA Library a524.3-64bCHA aChandrasekhar, S. 0aRadiative transfercS. Chandrasekhar  aNew YorkbDover Publicationsc1960 axiv, 393p. aIsotopic scatering aPrinciples of invariance aQuadrature formulae aThe H-Functions